| 000 | 00486pab a2200205 454500 | ||
|---|---|---|---|
| 008 | 180718b2011 xxu||||| |||| 00| 0 eng d | ||
| 100 | _aSoni, Rashmi | ||
| 245 | _aScientific research in Indian universities | ||
| 260 | _c2011 | ||
| 300 | _ap.6-14. | ||
| 362 | _a2 May | ||
| 650 | _aUniversities - India | ||
| 650 | _aResearch - India | ||
| 650 | _aResearch | ||
| 700 | _aPandey, K.C. | ||
| 700 | _aSodha, M.S. | ||
| 773 | _aUniversity News | ||
| 908 | _aN | ||
| 909 | _a91439 | ||
| 999 |
_c91439 _d91439 |
||